<?xml version="1.0" encoding="UTF-8"?>
<record
    xmlns:xsi="http://www.w3.org/2001/XMLSchema-instance"
    xsi:schemaLocation="http://www.loc.gov/MARC21/slim http://www.loc.gov/standards/marcxml/schema/MARC21slim.xsd"
    xmlns="http://www.loc.gov/MARC21/slim">

  <leader>00976nam a2200265 a 4500</leader>
  <controlfield tag="001">1288</controlfield>
  <controlfield tag="003">BR-CuiBMT</controlfield>
  <controlfield tag="005">20231207230013.0</controlfield>
  <controlfield tag="008">231204s2011    dtba          001 0 por d</controlfield>
  <datafield tag="020" ind1=" " ind2=" ">
    <subfield code="a">9788570183422</subfield>
  </datafield>
  <datafield tag="040" ind1=" " ind2=" ">
    <subfield code="a">BR-CuiBMT</subfield>
    <subfield code="c">BR-CuiBMT</subfield>
  </datafield>
  <datafield tag="080" ind1=" " ind2=" ">
    <subfield code="2">2007</subfield>
    <subfield code="a">911.37</subfield>
  </datafield>
  <datafield tag="090" ind1=" " ind2=" ">
    <subfield code="a">911.37</subfield>
    <subfield code="b">T337c</subfield>
  </datafield>
  <datafield tag="100" ind1="1" ind2=" ">
    <subfield code="a">Teske, Wolfgang</subfield>
  </datafield>
  <datafield tag="245" ind1="1" ind2="0">
    <subfield code="a">Cultura quilombola na Lagoa da Pedra, Arraias - Tocantins :</subfield>
    <subfield code="b">rituais, s&#xED;mbolos e rede de significados de suas manifesta&#xE7;&#xF5;es culturais : um processo folkcomunicacional de saber ambiental /</subfield>
    <subfield code="c">Teske Wolfgang.</subfield>
  </datafield>
  <datafield tag="260" ind1=" " ind2=" ">
    <subfield code="a">Bras&#xED;lia :</subfield>
    <subfield code="b">Senado Federal,</subfield>
    <subfield code="b">Conselho Editorial,</subfield>
    <subfield code="c">2011.</subfield>
  </datafield>
  <datafield tag="300" ind1=" " ind2=" ">
    <subfield code="a">295 p. :</subfield>
    <subfield code="b">il. color. ;</subfield>
    <subfield code="c">23 cm</subfield>
  </datafield>
  <datafield tag="490" ind1="1" ind2=" ">
    <subfield code="a">Edi&#xE7;&#xF5;es do Senado Federal ;</subfield>
    <subfield code="v">v. 146</subfield>
  </datafield>
  <datafield tag="504" ind1=" " ind2=" ">
    <subfield code="a">Inclui bibliografia e &#xED;ndice.</subfield>
  </datafield>
  <datafield tag="650" ind1=" " ind2=" ">
    <subfield code="a">Quilombo</subfield>
    <subfield code="v">Hist&#xF3;ria</subfield>
    <subfield code="z">Brasil</subfield>
  </datafield>
  <datafield tag="650" ind1=" " ind2=" ">
    <subfield code="a">Quilombola </subfield>
    <subfield code="z">Tocantins</subfield>
  </datafield>
  <datafield tag="650" ind1=" " ind2=" ">
    <subfield code="a">Negro</subfield>
    <subfield code="v">Aspectos culturais</subfield>
  </datafield>
  <datafield tag="830" ind1=" " ind2="0">
    <subfield code="a">Edi&#xE7;&#xF5;es do Senado Federal ;</subfield>
    <subfield code="v">146</subfield>
  </datafield>
  <datafield tag="942" ind1=" " ind2=" ">
    <subfield code="2">udc</subfield>
    <subfield code="c">LV</subfield>
  </datafield>
  <datafield tag="952" ind1=" " ind2=" ">
    <subfield code="0">0</subfield>
    <subfield code="1">0</subfield>
    <subfield code="2">udc</subfield>
    <subfield code="4">0</subfield>
    <subfield code="7">0</subfield>
    <subfield code="a">BIBTCEMT</subfield>
    <subfield code="b">BIBTCEMT</subfield>
    <subfield code="d">2023-12-04</subfield>
    <subfield code="l">0</subfield>
    <subfield code="o">911.37 T337c</subfield>
    <subfield code="p">BIBTCEMT23120112</subfield>
    <subfield code="r">2023-12-04</subfield>
    <subfield code="t">Ex. 1</subfield>
    <subfield code="w">2023-12-04</subfield>
    <subfield code="y">LV</subfield>
  </datafield>
  <datafield tag="999" ind1=" " ind2=" ">
    <subfield code="c">1288</subfield>
    <subfield code="d">1288</subfield>
  </datafield>
</record>
